ENVIRONMENTAL PSYCHOLOGY (Record no. 33198)

MARC details
000 -LEADER
fixed length control field 00264nam a22001337a 4500
003 - CONTROL NUMBER IDENTIFIER
control field SGT
082 ## - DEWEY DECIMAL CLASSIFICATION NUMBER
Classification number 155.9
Item number STE
100 ## - MAIN ENTRY--PERSONAL NAME
Personal name STEG LINDA
245 ## - TITLE STATEMENT
Title ENVIRONMENTAL PSYCHOLOGY
250 ## - EDITION STATEMENT
Edition statement 2ND
260 ## - PUBLICATION, DISTRIBUTION, ETC. (IMPRINT)
Place of publication, distribution, etc US
Name of publisher, distributor, etc WIELY
Year of Publication 2019
300 ## - PAGE DESCRIPTION
No. of Pages 418
942 ## - ADDED ENTRY ELEMENTS (KOHA)
Source of classification or shelving scheme Dewey Decimal Classification
Koha item type Books
Holdings
Withdrawn status Lost status Source of classification or shelving scheme Damaged status Not for loan Home library Current library Shelving location Date acquired Vendor Name SGTU Bill Number Total Checkouts Full call number Accession No. (Barcode) Date last seen Bill Date Koha item type
    Dewey Decimal Classification   Not For Loan SGT Science & Social Sciences Library SGT Science & Social Sciences Library Reference Book 13/11/2025 BRIJWASI DELHI SGTU BW/000232   155.9 STE FF847 13/11/2025 06/10/2025 Books